Vplyv termických cyklov na štruktúrne zmeny materiálu Lof špeciál /

Guardado en:
Detalles Bibliográficos
Autor principal: Havalda, Andrej (Autor)
Formato: Manuscrito Libro
Publicado: Bratislava : SAV, 1962
Etiquetas: Agregar Etiqueta
Sin Etiquetas, Sea el primero en etiquetar este registro!

MARC

LEADER 00000ntm a22000003a 4500
001 stu47386
005 20150617225712.6
008 ------s1962----cs----------------------d
040 |a STU  |b slo 
041 0
044 |a cs 
080 |a 620.18  |7 stu_us_auth*stu8135 
080 |a 536.4 
100 1 |a Havalda, Andrej  |4 aut 
245 1 |a Vplyv termických cyklov na štruktúrne zmeny materiálu Lof špeciál /  |c [aut.] Havalda,Andrej 
260 |a Bratislava :  |b SAV,  |c 1962 
300 |a 91 s 
996 |b 284J002752  |c J*10422/HAB.  |l JJSK  |s A  |a 24  |w stu47386_0001